La photographie et l'étude des phénomènes psychiques (Record no. 54445)

MARC details
000 -LEADER
campo de control de longitud fija 00891nam a2200217 i 4500
001 - NÚMERO DE CONTROL
campo de control 54445
003 - IDENTIFICADOR DE NÚMERO DE CONTROL
campo de control ES-MaACL
005 - FECHA Y HORA DE LA ÚLTIMA TRANSACCIÓN
campo de control 20250728030930.0
007 - CAMPO FIJO DE DESCRIPCIÓN FÍSICA--INFORMACIÓN GENERAL
campo de control de longitud fija t|
008 - DATOS DE LONGITUD FIJA--INFORMACIÓN GENERAL
campo de control de longitud fija 031215s1912 fr ||||1| fre d
100 1# - ENTRADA PRINCIPAL--NOMBRE DE PERSONA
Nombre de persona Fontenay, Guillaume de.
9 (RLIN) 51639
245 13 - MENCIÓN DEL TÍTULO
Título La photographie et l'étude des phénomènes psychiques
Resto del título : abrégé de trois conférences données par l'auteur áa la Société Universelle d'Etudes Psychiques, en 1910 et 1911 /
Mención de responsabilidad, etc. Guillaume de Fontenay ; préface de M. d'Arsonval.
260 ## - PUBLICACIÓN, DISTRIBUCIÓN, ETC.
Lugar de publicación, distribución, etc. Paris :
Nombre del editor, distribuidor, etc. Gauthier-Villars,
Fecha de publicación, distribución, etc. 1912.
300 ## - DESCRIPCIÓN FÍSICA
Extensión XIV, 110 p., XVI h. de fot. ;
Dimensiones 19 cm.
650 #4 - PUNTO DE ACCESO ADICIONAL DE MATERIA--TÉRMINO DE MATERIA
Término de materia o nombre geográfico como elemento de entrada Parapsicología-
Subdivisión general Aparatos e instrumentos.
9 (RLIN) 15828
650 17 - PUNTO DE ACCESO ADICIONAL DE MATERIA--TÉRMINO DE MATERIA
Término de materia o nombre geográfico como elemento de entrada Fotografía
Fuente del encabezamiento o término embne
9 (RLIN) 12943
700 1# - ENTRADA AGREGADA--NOMBRE PERSONAL
Nombre de persona Arsonval, Arsène d'.
9 (RLIN) 23409
710 2# - ENTRADA AGREGADA--NOMBRE DE ENTIDAD CORPORATIVA
Nombre de entidad corporativa o nombre de jurisdicción como elemento de entrada Société Universelle d'Etudes Psychiques.
9 (RLIN) 6867
852 ## - LOCALIZACIÓN
Ubicación ES-MaACL
Número de control de estantería T-1355-F-2
Holdings
Estatus retirado Estado de pérdida Estado de daño No para préstamo Colección Biblioteca de origen Biblioteca actual Ubicación en estantería Fecha de adquisición Fuente de adquisición Total de préstamos Signatura topográfica completa Código de barras Visto por última vez Precio de reemplazo Tipo de ítem Koha
        Colección de folletos Biblioteca del Ateneo de Madrid Biblioteca del Ateneo de Madrid Depósito folletos 17/01/2008     T-1355-F-2 1057212 23/02/2023 23/02/2023 Folleto